000 01096 a2200217 4500
001 22759
005 20260407155517.0
008 260407a1972 arg spa d
003 AR-UNSa-BCEJYS
040 _aAR-UNSa-BCEJYS
_bspa
_cAR-UNSa-BCEJYS
080 _a657.24
_xComprobación de las operaciones. Documentos contables
245 1 0 _aContabilidad y documentación en las empresas
_psegún la ley nº 19550 de sociedades comerciales
264 1 _aRosario :
_bOrbir
_c1972
300 _a173 p.
_c23 cm.
505 _a1. La ley 19.550 - 2. Documentación - 3. Estados contables - 4. Principio general - 5. Balance general - 6. Ordenamiento de la ley de sociedades comerciales Nº 19.550 - 7. Contenido del activo - 8. Contenido del pasivo - 10. De la presentación en general - 11. Valuación - 12. Estado de resultado - 13. Notas y cuadro - 14. Memoria - 15. Copias: depósitos - 165. Otras normas - 17. Palabras finales - Apéndice.
942 _cBK
590 _aniveau_biblio:m niveau_hierar:0
100 1 _aAccursi, Domingo A.
650 _aLey Nº 19.550
650 _a ley nº 19 550
999 _c1051
_d1051